00536pam a2200181 a 4500001000800000005001700008008004100025010001700066020002800083040001800111041000800129080002000137082002400157100000700181101000800188245009800196504006000294307178320180209044601.0970728s1998 njuab bf 001 0 eng  a 97030907  a0138747288 (alk. paper) aDLCcDLCdDLC aeng a808.066907 MAR00a808.066907 MAR2211 a16 aHIS14aThe history student writer's manual /cMark Hellstern, Gregory M. Scott, Stephen M. Garrison. aIncludes bibliographical references (p. 205) and index.